Mixed Word: Common Bond XLVIII Quiz Stats

 Plays Quiz Updated Jul 28, 2014

Support Sporcle.
Go Orange.
Score 0/20 Timer 04:00
1 Play Today
Scrambled Word Unscrambled Word % Correct
OWLOWOOL
97.8%
OUHRHOUR
94.7%
BIFERFIBER
82.9%
IWENWINE
81.2%
TEPALPLATE
64.6%
DUNROGGROUND
60.1%
KASENSNAKE
59.6%
LIPPIHPHILIP
56.3%
FAYESTSAFETY
45.2%
EWARTWATER
42.4%
Scrambled Word Unscrambled Word % Correct
GOONLIKLOOKING
42.3%
Word in common with all above:GLASS
35.7%
WROBELBLOWER
31.6%
RIPSPELSLIPPER
28.5%
COLANCIVVOLCANIC
26.1%
FREDTOSFROSTED
25.7%
DESANTISTAINED
23.7%
GENEERIAMMENAGERIE
20%
LINEGICCEILING
19%
AMARCHNOIHARMONICA
4.3%

You're not logged in!

Compare scores with friends on all Sporcle quizzes.
OR
Log In

From the Vault

First Letter US States Blitz

by Flick

People probably stop paying attention by the second letter anyways.
Remove Ads.
Support Sporcle.
Get the best of Sporcle when you Go Orange. This ad-free experience offers more features, more stats, and more fun while also helping to support Sporcle. Thank you for becoming a member.

Show Comments

Extras

Top Quizzes Today


Score Distribution

Your Account Isn't Verified!

In order to create a playlist on Sporcle, you need to verify the email address you used during registration. Go to your Sporcle Settings to finish the process.

Report this User

Report this user for behavior that violates our Community Guidelines.

Details: